Normal view MARC view

Entry Topical Term

Number of records used in: 2

001 - CONTROL NUMBER

  • control field: 17337

003 - CONTROL NUMBER IDENTIFIER

  • control field: dpl

005 - DATE AND TIME OF LATEST TRANSACTION

  • control field: 20100828105202.0

008 - FIXED-LENGTH DATA ELEMENTS

  • fixed length control field: 100828|||a|||||| | ||| d

040 ## - CATALOGING SOURCE

  • Original cataloging agency: dpl
  • Transcribing agency: dpl

150 ## - HEADING--TOPICAL TERM

  • Topical term or geographic name as entry element: शिक्षा
  • Geographic subdivision: भारत

670 ## - SOURCE DATA FOUND

  • Source citation: Work cat.: (dpl)34761: किरन सिंह 17336, प्राचीन भारतीय शिक्षा- व्यवस्था /, 2009

670 ## - SOURCE DATA FOUND

  • Source citation: Work cat.: (dpl)34761: किरन सिंह 17336, प्राचीन भारतीय शिक्षा- व्यवस्था /, 2009

© Delhi Public Library
Hit Counter
free hit counter